MARC

LEADER 00000nam0a2200000 4500
001 294417
005 20231102000709.0
035 |a (RuTPU)RU\TPU\book\319476 
090 |a 294417 
100 |a 20150513d1971 m y0rusy50 ca 
101 0 |a rus 
102 |a RU 
105 |a a j 001zy 
200 1 |a Техническая термодинамика  |e учебник  |f под ред. В. И. Крутова 
210 |a Москва  |c Высшая школа  |d 1971 
215 |a 472 с.  |c ил. 
320 |a Библиогр.: с. 467. 
606 1 |a Термодинамика техническая  |x (теплотехника)  |2 stltpush  |3 (RuTPU)RU\TPU\subj\68640  |9 83835 
610 1 |a основные законы 
610 1 |a дифференциальные уравнения 
610 1 |a термодинамическое равновесие 
610 1 |a применение 
610 1 |a идеальные газы 
610 1 |a течение 
610 1 |a истечение 
610 1 |a реальные газы 
610 1 |a пары 
610 1 |a дросселирование 
610 1 |a эксергия 
610 1 |a термохимия 
610 1 |a химическое равновесие 
610 1 |a тепловые машины 
610 1 |a плазма 
610 1 |a учебные пособия 
675 |a 621.1.016.7(075.8)  |v 3 
702 1 |a Крутов  |b В. И.  |4 340 
801 1 |a RU  |b 63413507  |c 20150513 
801 2 |a RU  |b 63413507  |c 20200130  |g RCR 
942 |c BK